000 00779nam a2200277Ia 4500
003 OSt
005 20220926015024.0
006 a|||||r|||| 00| 0
007 ta
008 220923b |||||||| |||| 00| 0 eng d
020 _a1565845587
037 _cGeneral Book
040 _aRTL
_cRTL
_beng
041 _2eng
_aeng
082 _aRxN26, N8
100 _aFoucault Michel
_917335
245 0 _aAesthetics, method, and epistermology. Ed by James
260 _aNew York
_bNew Press
_c1998
300 _axliii, 486p
_ccm.
490 _aEssential Works of Foucault, 1954-1984; 2
650 _a Classics
650 _a Michel Foucault
_9285431
650 _aPhilosophy
942 _hRxN26, N8
_cGB
_2CC
999 _c630398
_d630398